00429nam a2200121Ia 4500008004100000082001500041100003900056245004700095260006300142300000800205630004700213730004700260100122s9999 xx 000 0 und d b58592a752 aमुळीक मिलिंद aवॉटर कलर (क.क्र.8/2) bज्योत्स्ना प्रकाशनc2000 a128 aवॉटर कलर (क.क्र.8/2) aवॉटर कलर (क.क्र.8/2)